Normal view
MARC view
- Silva Ossa, María,
Entry Nombre Personal
001 - NUMERO DE CONTROL
- campo de control: 32018
003 - IDENTIFICADOR DE NUMERO DE CONTROL
- campo de control: UPN
005 - FECHA Y HORA DE LA ÜLTIMA TRANSACCIÓN
- campo de control: 20210219194429.0
008 - DATOS DE LONGITUD FIJA
- campo de control de longitud fija: nabaccnnaabn|||||||||| b |nc|||||d
035 ## - NUMERO DE CONTROL
- Número de control: UPN11000004124
040 ## - FUENTE DE CATALOGACIÓN
- Lenguaje de catalogación: SPA
- Agencia de transcripción: UPN
053 #4 - NÚMERO DE CLASIFICACIÓN LC
- Número de clasificación elemento-número único o número inicial de tramo: PQ8097 S5.4
100 1# - ENCABEZAMIENTO - NOMBRE PERSONAL
- Nombre personal: Silva Ossa, María,
- Fechas asociadas con el nombre: 1918-2009
670 ## - FUENTE EN LA QUE SE LOCALIZARON DATOS
- Cita de la fuente: T
- Uniform Resource Identifier: http://fundacionlafuente.wordpress.com/2009/09/28/obituario-maria-silva-ossa-1918-2009/
680 ## - NOTA PUBLICA DE ACCESO PÚBLICO
- Frase explicativa de la referencia: Escritora chilena
902 ## - CATALOGADOR
- Catalogador: CAA/190412
